|
|
|
|
| LEADER |
00000nam a2200000 a 4500 |
| 001 |
vtls008621457 |
| 003 |
SK-MaSNL |
| 005 |
20260301021529.0 |
| 008 |
180530s2005 xo f 000 0 slo |
| 015 |
|
|
|a SNBA2006/04-02110
|
| 020 |
|
|
|a 8080684146
|q (brož.)
|
| 035 |
|
|
|a A7967841-7972-4B18-99BE-C165EF69E935
|
| 035 |
|
|
|a urn:nbn:sk:snk-amk6zh
|
| 035 |
|
|
|a urn:nbn:sk:snk-am0089kj
|
| 040 |
|
|
|a SNK
|b slo
|c SNK
|e AACR2
|
| 041 |
0 |
|
|a slo
|a pol
|
| 044 |
|
|
|a xo
|c SK
|
| 072 |
|
7 |
|a 101
|x Filozofia
|2 konspekt
|
| 072 |
|
7 |
|a 00
|x Veda. Všeobecnosti. Základy vedy a kultúry. Vedecká práca
|2 konspekt
|
| 080 |
|
|
|a 124.5
|2 2001
|
| 080 |
|
|
|a 316.7
|2 2001
|
| 080 |
|
|
|a (082)
|2 2001
|
| 080 |
|
|
|a 1:001
|2 2001
|
| 245 |
0 |
0 |
|a Filozofia - Veda - Hodnoty [VEGA 1/0451/03 - Status vedy a filozofie v súčasnej kultúre - axiologická reflexia]
|n II.
|c [Oľga Sisáková (ed.)]
|
| 250 |
|
|
|a 1. vyd.
|
| 260 |
|
|
|a Prešov
|b Prešovská univerzita
|c 2005
|
| 300 |
|
|
|a 255 s.
|c 21 cm
|
| 490 |
1 |
|
|a Acta Facultatis Philosophicae Universitatis Prešoviensis
|v 137/219
|a Filozofický zborník
|v 25
|
| 500 |
|
|
|a Čiast. text poľ.
|
| 504 |
|
|
|a Bibliogr. odkazy
|
| 506 |
|
|
|a 150 výtl.
|
| 650 |
0 |
7 |
|a filozofia a veda
|2 SNKPH
|9 67678
|
| 650 |
0 |
7 |
|a axiológia
|2 SNKPH
|9 2080
|
| 650 |
0 |
7 |
|a kultúra
|2 SNKPH
|9 886
|
| 655 |
|
7 |
|a zborníky
|2 SNKPH
|9 70165
|
| 700 |
1 |
|
|a Sisáková, Oľga,
|d 1948-
|4 edt
|9 254948
|
| 830 |
|
0 |
|a Acta Facultatis Philosophicae Universitatis Prešoviensis
|p Filozofický zborník
|9 294571
|
| 919 |
|
|
|a 80-8068-414-6
|
| 958 |
|
|
|a OND
|
| 999 |
|
|
|c 565504
|d 567434
|
| 952 |
|
|
|a SNK
|b SNK
|y PREZ
|7 0
|p 17A0497835
|o snkSC 121424/2
|i snk2006/2694
|8 0
|0 0
|1 0
|4 0
|d 2006-02-09
|f 1
|l 0
|r 2025-06-02 00:00:00
|w 2026-02-23
|
| 952 |
|
|
|a SNK
|b SNK
|y VYP
|7 0
|p 17A0497834
|o snkSC 121424/2 D1
|i snk2006/2695
|8 0
|0 0
|1 0
|4 0
|d 2006-02-09
|l 0
|r 2026-02-23 13:56:22
|w 2026-02-23
|